000 00910nmm a2200277 a 4500
001 ocm0001864633
003 TR-IsHL
005 20201028171801.0
008 180330s2015 tu tur
007 cr cn
020 _a9786051510460
035 _a1864633
_b(N$T)
050 0 4 _aPL248.U98
_bK33 2015
090 0 4 _aPL248.U98
_bK33 2015
100 1 _aUzun, Seyit Ahmet
245 1 0 _aKabirde ilk gece 3: cehennem yolcuları
_h[electronic resource] /
_cSeyit Ahmet Uzun ; editör Erol Şahnacı
260 _aİstanbul :
_bHayat Yayınları,
_c2015
300 _a281 p.
650 4 _aDil ve Edebiyat
650 4 _aLanguage and Literature
650 0 _aTürk romanı
650 0 _aTurkish fiction
650 7 _aLITERARY COLLECTIONS / Middle Eastern
_2bisacsh
700 1 _aŞahnacı, Erol
856 4 0 _uhttp://search.ebscohost.com/login.aspx?direct=true&scope=site&db=e011xww&AN=1864633
999 _c16873
_d16873